| 000 | 01230nam a2200313 a 4500 | ||
|---|---|---|---|
| 001 | ebr10526583 | ||
| 003 | CaPaEBR | ||
| 006 | m u | ||
| 007 | cr cn||||||||| | ||
| 008 | 120214s2012 enkad sb 001 0 eng d | ||
| 020 | _z9780470666999 | ||
| 020 | _z9781119966234 (e-book) | ||
| 040 |
_aCaPaEBR _cCaPaEBR |
||
| 035 | _a(OCoLC)775437968 | ||
| 041 | 1 |
_aeng _hrus |
|
| 050 | 1 | 4 |
_aQD505 _b.T46 2012eb |
| 100 | 1 | _aTemkin, O. N. | |
| 245 | 1 | 0 |
_aHomogeneous catalysis with metal complexes _h[electronic resource] : _bkinetic aspects and mechanisms / _cO.N. Temkin ; translated from the Russian by P.P. Pozdeev. |
| 260 |
_aChichester, U.K. : _bWiley, _c2012. |
||
| 300 |
_axx, 806 p. : _bill. |
||
| 504 | _aIncludes bibliographical references and indexes. | ||
| 533 |
_aElectronic reproduction. _bPalo Alto, Calif. : _cebrary, _d2012. _nAvailable via World Wide Web. _nAccess may be limited to ebrary affiliated libraries. |
||
| 650 | 0 | _aCatalysis. | |
| 650 | 0 | _aMetal catalysts. | |
| 650 | 0 | _aMetal complexes. | |
| 655 | 7 |
_aElectronic books. _2local |
|
| 710 | 2 | _aebrary, Inc. | |
| 856 | 4 | 0 |
_uhttp://site.ebrary.com/lib/rucke/Doc?id=10526583 _zAn electronic book accessible through the World Wide Web; click to view |
| 999 |
_c144335 _d144335 |
||